Albums par cover - rap français - Statistiques

Statistiques générales
  • Ce quiz a été pris 3 945 fois
  • Le résultat moyen est 9 sur 20
Statistiques - réponses
Par images Réponse % Correct
Or Noir
87%
Dans la Légende
82%
Feu
80%
Ipséité
76%
M.I.L.S 2.0
75%
My World
66%
JVLIVS
60%
L'école du micro d'argent
49%
Pochon Bleu
47%
Le chant des sirènes
46%
Dans ma bulle
42%
Suprême NTM
39%
0.9
37%
L'apogée
34%
NQNT
33%
Zifukoro
26%
MOBIUS
20%
La Fouine vs Laouni
17%
Le code de l'horreur
15%
Panique Celtique
7%
Aucun quiz correspondant
Distribution des résultats
% des personnes avec chaque résultat
Percentile par nombre de réponses
Votre historique - résultats
Vous n’avez pas pris ce quiz